书目信息 |
| 题名: |
建筑效果---3D Studio MAX +Photoshop
|
|
| 作者: | 龚正伟 编著 | |
| 分册: | ||
| 出版信息: | 北京 清华大学出版社 2002.3 |
|
| 页数: | 302页 | |
| 开本: | 26cm | |
| 丛书名: | ||
| 单 册: | ||
| 中图分类: | TU238-43 | |
| 科图分类: | ||
| 主题词: | 建筑设计 | |
| 电子资源: | ||
| ISBN: | 7-900641-36-X | |
| 000 | 00668nam0 2200205 45 | |
| 001 | 0256898109 | |
| 005 | 2002112215481781 | |
| 010 | @a7-900641-36-X@dRMB 38.00 | |
| 100 | @a20021122d2002 km y0chiy0120 ea | |
| 101 | 0 | @achi |
| 102 | @aCN@b110000 | |
| 200 | 1 | @a建筑效果---3D Studio MAX +Photoshop@Ajian zhu xiao guo---3D Studio MAX+Photoshop@e3D Studio MAX+Photoshop@f龚正伟等编著@Fgong zheng wei deng bian zhu |
| 210 | @a北京@c清华大学出版社@d2002.3 | |
| 215 | @a302页@d26cm | |
| 517 | @a3D Studio MAX+Photoshop | |
| 606 | 0 | @a建筑设计 |
| 690 | @aTU238-43@v3 | |
| 701 | 0 | @a龚正伟@Agong zheng wei@4编著 |
| 801 | 0 | @aCN@bPFT@c20021122 |
| 905 | @a10447@dTU238-43@eG395 | |
| 建筑效果---3D Studio MAX +Photoshop:3D Studio MAX+Photoshop/龚正伟等编著.-北京:清华大学出版社,2002.3 |
| 302页;26cm |
| ISBN 7-900641-36-X:RMB 38.00 |
| ● |
| 相关链接 |
|
|
|
正题名:建筑效果---3D Studio MAX +Photoshop
索取号:TU238-43/G395
 
预约/预借
| 序号 | 登录号 | 条形码 | 馆藏地/架位号 | 状态 | 备注 |
| 1 | 360996 | 203609960 | 建筑库101/101建筑库 53排3列5层/ [索取号:TU238-43/G395] | 在馆 | |
| 2 | 360997 | 203609979 | 建筑库101/101建筑库 53排3列5层/ [索取号:TU238-43/G395] | 在馆 | |
| 3 | 360998 | 203609988 | 建筑库101/101建筑库 53排3列5层/ [索取号:TU238-43/G395] | 在馆 |